Statistics for World Leader to Country (1990s) - Picture Quiz

Click here to take the quiz!

General Stats

  • This quiz has been taken 37 times
  • The average score is 17 of 18

Answer Stats

Answer% Correct
Iraq
100%
United States
100%
Palestine
100%
South Africa
100%
Libya
100%
Soviet Union
100%
Russia
100%
Vatican
100%
North Korea
100%
Italy
100%
Iran
100%
United Kingdom
97%
Indonesia
97%
China
94%
France
77%
Germany
77%
Yugoslavia / Serbia
71%
Israel
71%

Score Distribution

Percentile by Number Answered

Percent of People with Each Score

Your Score History

You have not taken this quiz